<?xml version="1.0" encoding="UTF-8"?><?xml-stylesheet type="text/xsl" href="static/style.xsl"?><OAI-PMH xmlns="http://www.openarchives.org/OAI/2.0/" xmlns:xsi="http://www.w3.org/2001/XMLSchema-instance" xsi:schemaLocation="http://www.openarchives.org/OAI/2.0/ http://www.openarchives.org/OAI/2.0/OAI-PMH.xsd"><responseDate>2026-04-27T21:55:04Z</responseDate><request verb="GetRecord" identifier="oai:uvadoc.uva.es:10324/19980" metadataPrefix="marc">https://uvadoc.uva.es/oai/request</request><GetRecord><record><header><identifier>oai:uvadoc.uva.es:10324/19980</identifier><datestamp>2021-06-18T07:29:22Z</datestamp><setSpec>com_10324_38</setSpec><setSpec>col_10324_787</setSpec></header><metadata><record xmlns="http://www.loc.gov/MARC21/slim" xmlns:doc="http://www.lyncode.com/xoai" xmlns:xsi="http://www.w3.org/2001/XMLSchema-instance" xmlns:dcterms="http://purl.org/dc/terms/" xsi:schemaLocation="http://www.loc.gov/MARC21/slim http://www.loc.gov/standards/marcxml/schema/MARC21slim.xsd">
<leader>00925njm 22002777a 4500</leader>
<datafield tag="042" ind1=" " ind2=" ">
<subfield code="a">dc</subfield>
</datafield>
<datafield tag="720" ind1=" " ind2=" ">
<subfield code="a">Rojo Santos, David</subfield>
<subfield code="e">author</subfield>
</datafield>
<datafield tag="260" ind1=" " ind2=" ">
<subfield code="c">2016</subfield>
</datafield>
<datafield tag="520" ind1=" " ind2=" ">
<subfield code="a">El presente Trabajo de Fin de Master es fruto de la experiencia de&#xd;
prácticas en la empresa AGUAS DE VALLADOLID S.A y expone qué es la&#xd;
norma OHSAS, cómo se certifica, la estructura de sus requisitos y los&#xd;
beneficios derivados de su implantación y el objetivo último es su comprensión&#xd;
práctica ya que los requisitos de la norma han sido aplicados a dicha empresa,&#xd;
punto por punto, para dar una visión general última de su significado, de lo que&#xd;
conlleva su aplicación y cómo esta actúa mejorando el Sistema de Gestión en&#xd;
lo referente a la Prevención de Riesgos Laborales.</subfield>
</datafield>
<datafield tag="024" ind2=" " ind1="8">
<subfield code="a">http://uvadoc.uva.es/handle/10324/19980</subfield>
</datafield>
<datafield ind1=" " ind2=" " tag="653">
<subfield code="a">Seguridad en el trabajo</subfield>
</datafield>
<datafield tag="245" ind1="0" ind2="0">
<subfield code="a">Sistema de Gestión de Prevención de Riesgos Laborales según la Norma OHSAS 18001:2007 en Aguas de Valladolid S.A.</subfield>
</datafield>
</record></metadata></record></GetRecord></OAI-PMH>